WWE Roster October 2024 - Statistics

General Stats
  • This quiz has been taken 134 times
  • The average score is 92 of 241
Answer Stats
Brand Answer % Correct
SMACKDOWN Roman Reigns
89%
NXT Booker T
88%
COO Triple H
88%
RAW Jey Uso
86%
SMACKDOWN Jimmy Uso
86%
RAW Gunther
83%
SMACKDOWN Cody Rhodes
79%
RAW "Dirty" Dominik Mysterio
79%
RAW Rey Mysterio
79%
RAW Seth "Freakin" Rollins
76%
PART TIME John Cena
75%
SMACKDOWN Jacob Fatu
74%
SMACKDOWN The Rock
74%
RAW CM Punk
73%
SMACKDOWN Solo Sikoa
73%
SMACKDOWN Tama Tonga
73%
SMACKDOWN Kevin Owens
71%
RAW Liv Morgan
71%
RAW Rhea Ripley
71%
SMACKDOWN Tonga Loa
71%
RAW Sami Zayn
70%
RAW Finn Balor
69%
SMACKDOWN Nia Jax
68%
SMACKDOWN Randy Orton
68%
RAW Bron Breakker
67%
RAW Iyo Sky
67%
NXT Trick Williams
67%
SMACKDOWN Bianca Belair
65%
SMACKDOWN Carmelo Hayes
65%
RAW Damian Priest
65%
RAW Karrion Kross
65%
RAW Kofi Kingston
65%
SMACKDOWN Bayley
64%
RAW Dakota Kai
64%
SMACKDOWN LA Knight
64%
RAW Xavier Woods
64%
RAW Carlito
63%
RAW Chad Gable
63%
RAW Drew McIntyre
63%
SMACKDOWN Jade Cargill
63%
NXT Lexis King
63%
RAW Ludwig Kaiser
63%
RAW Nikki Cross
63%
PART TIME Brock Lesnar
62%
RAW Sheamus
62%
SMACKDOWN Andrade
60%
SMACKDOWN Angelo Dawkins
60%
RAW Bronson Reed
60%
RAW The Miz
60%
RAW Erick Rowan
58%
RAW JD McDonagh
58%
SMACKDOWN AJ Styles
57%
SMACKDOWN Logan Paul
57%
SMACKDOWN Montez Ford
57%
SMACKDOWN Chelsea Green
56%
RAW Dragon Lee
56%
SMACKDOWN Naomi
56%
RAW Otis
56%
SMACKDOWN Tiffany Stratton
56%
RAW Akira Tozawa
55%
RAW Asuka
55%
RAW Bo Dallas
55%
RAW Raquel Rodriguez
55%
RAW Zelina Vega
55%
RAW Braun Strowman
54%
SMACKDOWN Johnny Gargano
54%
RAW Julius Creed
54%
RAW Kairi Sane
54%
RAW R-Truth
54%
RAW Brutus Creed
52%
RAW Dexter Lumis
52%
NXT Ethan Page
52%
SMACKDOWN Giovanni Vinci
52%
SMACKDOWN Piper Niven
52%
NXT Wes Lee
52%
RAW Akam
51%
SMACKDOWN Angel
51%
SMACKDOWN Michael Cole
51%
NXT Roxanne Perez
50%
SMACKDOWN Santos Escobar
50%
SMACKDOWN Tommaso Ciampa
50%
SMACKDOWN Austin Theory
49%
NXT Cora Jade
49%
RAW Ivar
49%
RAW Joe Gacy
49%
NXT Oba Femi
49%
RAW Pete Dunne
49%
RAW Scarlett
49%
NXT Shawn Michaels
49%
SMACKDOWN Alex Shelley
48%
SMACKDOWN Apollo Crews
48%
SMACKDOWN Grayson Waller
48%
RAW Ivy Nile
48%
RAW Erik
46%
SMACKDOWN Paul Heyman
46%
SMACKDOWN Candice Lerae
45%
SMACKDOWN Corey Graves
45%
RAW Maxxine Dupri
45%
PRESIDENT Nick Khan
45%
RAW Rezar
45%
NXT Ridge Holland
45%
RAW Zoey Stark
45%
RAW Cruz Del Toro
44%
SMACKDOWN Shinsuke Nakamura
44%
RAW Wade Barrett
44%
SMACKDOWN Berto
43%
SMACKDOWN Chris Sabin
43%
RAW Joaquin Wilde
43%
SMACKDOWN Karl Anderson
43%
SMACKDOWN Luke Gallows
43%
RAW Alba Fyre
42%
NXT Andre Chase
42%
SMACKDOWN B-Fab
42%
RAW Lyra Valkyria
42%
SMACKDOWN Michin
42%
REFEREE Charles Robinson
40%
RAW Isla Dawn
40%
NXT Lash Legend
40%
RAW Natalya
40%
NXT Giulia
39%
NXT Tony D'Angelo
39%
RAW Shayna Baszler
38%
NXT Axiom
37%
SMACKDOWN Nick Aldis
37%
RAW Sonya Deville
37%
NXT Stephanie Vaquer
37%
RAW Adam Pearce
36%
RAW Ilja Dragunov
36%
NXT Je'von Evans
36%
NXT Dante Chen
35%
SMACKDOWN Elton Prince
35%
NXT Kelani Jordan
35%
RAW Paul Ellering
35%
RAW Katana Chance
33%
RAW Kayden Carter
33%
RAW Kiana James
33%
RAW Tyler Bate
33%
NXT Arianna Grace
32%
NXT Ashante "Thee" Adonis
32%
NXT Cedric Alexander
32%
NXT Jaida Parker
32%
NXT Sol Ruca
32%
NXT Fallon Henley
31%
NXT Jakara Jackson
31%
NXT Lola Vice
31%
NXT Ava
30%
NXT Cutler James
30%
NXT Jordynne Grace
30%
NXT Nathan Frazer
30%
NXT Shawn Spears
30%
NXT Channing "Stacks" Lorenzo
29%
SMACKDOWN Elektra Lopez
29%
NXT Gigi Dolin
29%
SMACKDOWN Kit Wilson
29%
NXT Adriana Rizzo
27%
SMACKDOWN Blair Davenport
27%
NXT Jacy Jayne
27%
SMACKDOWN Byron Saxton
26%
RAW Joe Tessitore
26%
NXT Duke Hudson
25%
NXT Karmen Petrovic
25%
NXT Zaria
25%
NXT Noam Dar
24%
NXT Thea Hail
24%
NXT Charlie Dempsey
23%
NXT Jazmyn Nyx
23%
NXT Oro Mensah
23%
NXT Tatum Paxley
23%
PART TIME Valhalla
23%
NXT Brooks Jensen
21%
REFEREE Gary Wilson
21%
REFEREE Jessika Carr
21%
NXT Nikkita Lyons
21%
SMACKDOWN Cathy Kelley
20%
NXT Vic Joseph
20%
NXT Hank Walker
19%
NXT Kendal Grey
19%
SMACKDOWN Alicia Taylor
18%
NXT Josh Briggs
18%
NXT Riley Osborne
18%
NXT Brinley Reece
17%
NXT Bronco Nima
17%
NXT Eddy Thorpe
17%
NXT Joe Coffey
17%
RAW Lilian Garcia
17%
NXT Mark Coffey
17%
NXT Mike Rome
17%
NXT Tank Ledger
17%
NXT Tavion Heights
17%
NXT Edris Enofe
15%
RAW Jackie Redmond
15%
NXT Luca Crusifino
15%
NXT Myles Borne
15%
NXT Wendy Choo
15%
REFEREE Dallas Irvin
14%
NXT Izzi Dame
14%
NXT Lucien Price
14%
NXT Malik Blade
14%
NXT Mr Stone
14%
NXT Wolfgang
14%
NXT Wren Sinclair
14%
NXT Blake Howard
13%
NXT Carlee Bright
13%
NXT Javier Bernal
13%
NXT Tyriek Igwe
12%
NXT Tyson Dupont
12%
REFEREE Chad Patton
11%
NXT Dani Palmer
11%
REFEREE John Cone
11%
NXT Kelly Kincaid
11%
NXT Stevie Turner
11%
NXT Meiko Satomura
10%
NXT Sarah Schreiber
10%
REFEREE Dan Engler
7%
NXT Dion Lennox
7%
REFEREE Jason Ayers
7%
NXT Jasper Troy
7%
NXT Kale Dixon
7%
REFEREE Adrian Butler
6%
REFEREE Daphanie Lashaunn
6%
NXT Kali Armstrong
6%
NXT Lainey Reid
6%
NXT Niko Vance
6%
REFEREE Rod Zapata
6%
REFEREE Ryan Tran
6%
REFEREE Shawn Bennett
6%
NXT Shiloh Hill
6%
NXT Tyra Mae Steele
6%
REFEREE Danilo Anfibio
5%
REFEREE Derek Sanders
5%
REFEREE Eddie Orengo
5%
REFEREE Felix Fernandez
5%
NXT Harlem Lewis
5%
REFEREE Joey Gonzalez
5%
NXT Keanu Carver
5%
NXT Uriah Connors
5%
REFEREE Chip Danning
4%
NXT Drake Morreaux
4%
REFEREE Jeremy Marcus
4%
NXT Layla Diggs
4%
NXT Saquon Shugars
4%
No matching quizzes found
Score Distribution
Percent of People with Each Score
Percentile by Number Answered
Your Score History
You have not taken this quiz